Statistics for WWE 2K14 30 Years Of WrestleMania Matches

Click here to take the quiz!

General Stats

  • This quiz has been taken 264 times
  • The average score is 91 of 98

Answer Stats

HintAnswer% Correct
WrestleMania 6Hulk Hogan
98%
WrestleMania 5Hulk Hogan
98%
WrestleMania 2Hulk Hogan
98%
WrestleMania 9 (Match 2)Hulk Hogan
98%
WrestleMania 7Hulk Hogan
98%
WrestleMania 3 (Match 2)Hulk Hogan
98%
WrestleMania 14The Undertaker
98%
WrestleMania 11 (Match 1)The Undertaker
98%
WrestleMania 26 (Match 3)The Undertaker
98%
WrestleMania 23 (Match 1)The Undertaker
98%
WrestleMania 28 (Match 1)The Undertaker
98%
WrestleMania 29 (Match 1)The Undertaker
98%
WrestleMania 12 (Match 1)The Undertaker
98%
WrestleMania 13Steve Austin
97%
WrestleMania 19Steve Austin
97%
WrestleMania 17Steve Austin
97%
WrestleMania 15Steve Austin
97%
WrestleMania 25 (Match 2)Triple H
97%
WrestleMania 24Triple H
97%
WrestleMania 28Triple H
97%
WrestleMania 18 (Match 2)Triple H
97%
WrestleMania 16Triple H
97%
WrestleMania 29 (Match 2)Triple H
97%
WrestleMania 23 (Match 2)John Cena
96%
WrestleMania 21John Cena
96%
WrestleMania 25 (Match 1)John Cena
96%
WrestleMania 26 (Match 2)John Cena
96%
WrestleMania 24John Cena
96%
WrestleMania 28John Cena
96%
WrestleMania 29 (Match 3)John Cena
96%
WrestleMania 27John Cena
96%
WrestleMania 20 (Match 1)John Cena
96%
WrestleMania 5Randy Savage
96%
WrestleMania 8Randy Savage
96%
WrestleMania 4Randy Savage
96%
WrestleMania 3Randy Savage
96%
WrestleMania 24 (Match 1)Shawn Michaels
96%
WrestleMania 12 (Match 2)Shawn Michaels
96%
WrestleMania 23Shawn Michaels
96%
WrestleMania 26Shawn Michaels
96%
WrestleMania 19 (Match 1)Shawn Michaels
96%
WrestleMania 10Shawn Michaels
96%
WrestleMania 11Shawn Michaels
96%
WrestleMania 18 (Match 1)The Rock
96%
WrestleMania 29The Rock
96%
WrestleMania 17The Rock
96%
WrestleMania 16The Rock
96%
WrestleMania 15The Rock
96%
WrestleMania 28 (Match 3)The Rock
96%
WrestleMania 19 (Match 2)The Rock
96%
WrestleMania 1Andre The Giant
95%
WrestleMania 3Andre The Giant
95%
WrestleMania 10 (Match 2)Bret Hart
94%
WrestleMania 9Bret Hart
94%
WrestleMania 13Bret Hart
94%
WrestleMania 12Bret Hart
94%
WrestleMania 18Hollywood Hulk Hogan
93%
WrestleMania 14Kane
92%
WrestleMania 25The Big Show
92%
WrestleMania 16The Big Show
92%
WrestleMania 20The Big Show
92%
WrestleMania 6The Ultimate Warrior
92%
WrestleMania 26Batista
90%
WrestleMania 23Batista
90%
WrestleMania 28Chris Jericho
90%
WrestleMania 26 (Match 1)Chris Jericho
90%
WrestleMania 19Chris Jericho
90%
WrestleMania 18Chris Jericho
90%
WrestleMania 29CM Punk
90%
WrestleMania 28 (Match 2)CM Punk
90%
WrestleMania 26Edge
90%
WrestleMania 22Edge
90%
WrestleMania 27 (Match 1)Edge
90%
WrestleMania 25Edge
90%
WrestleMania 22Mick Foley
90%
WrestleMania 16Mick Foley
90%
WrestleMania 24 (Match 2)Randy Orton
90%
WrestleMania 25Randy Orton
90%
WrestleMania 24Ric Flair
90%
WrestleMania 8Ric Flair
90%
WrestleMania 9 (Match 1)Yokozuna
90%
WrestleMania 9Yokozuna
90%
WrestleMania 10Yokozuna
90%
WrestleMania 29Brock Lesnar
89%
WrestleMania 20Brock Lesnar
89%
WrestleMania 2King Kong Bundy
86%
WrestleMania 11King Kong Bundy
86%
WrestleMania 27 (Match 2)The Miz
86%
WrestleMania 10 (Match 1)Razor Ramon
83%
WrestleMania 3 (Match 1)Ricky Steamboat
83%
WrestleMania 11 (Match 2)Diesel
81%
WrestleMania 12Diesel
81%
WrestleMania 21John Bradshaw Layfield
81%
WrestleMania 27Alberto Del Rio
78%
WrestleMania 1Big John Studd
78%
WrestleMania 20 (Match 2)Goldberg
78%
WrestleMania 7Sgt. Slaughter
74%
WrestleMania 4Ted DiBiase
67%

Score Distribution

Percentile by Number Answered

Percent of People with Each Score

Your Score History

You have not taken this quiz